00380 2200157 4500001002100000005001500021035002000036245003500056100001800091300001200109260004500121082000800166084001400174020002200188990001200210INLIS00000000000176120250505030713 a0010-05250000531 aDikta & Hukum /cDhia'an Farah0 aDhia'an Farah a388 hlm aJakarta :bAsok Aksara X Loveable,c2021 a813 a813 DHI d a978-623-310-013-7 a0754606